| 000 | 01072cam a2200301 a 4500 | ||
|---|---|---|---|
| 001 | 59334 | ||
| 003 | CO-BoRNBP | ||
| 005 | 20251003211310.0 | ||
| 007 | ta | ||
| 008 | 030605q20002009ck g 0000 0 spa | ||
| 040 |
_aCO-BoBN _bspa _cCO-BoBN |
||
| 041 | 0 | _aspa | |
| 043 | _as-ck--- | ||
| 082 | 0 |
_a782.42083 _220 |
|
| 245 | 0 | 0 |
_aCancionero infantil del Choco : _bmi corrocochito / _crecopilación, transcripción e impresión Museo de Artes y Tradiciones Populares |
| 250 | _a1a. edición | ||
| 300 |
_a26 p. ; _c22 cm |
||
| 336 |
_2rdacontent _atexto _btxt |
||
| 337 |
_2rdamedia _asin mediación _bn |
||
| 338 |
_2rdacarrier _avolumen _bnc |
||
| 500 | _aDatos tomados de la pasta | ||
| 500 | _aContiene las letras de los cantos, rondas y juegos que están registrados en el audiocasete "Tradiciones culturales infantiles del Chocó" | ||
| 650 | 1 | 9 |
_aCancioneros _2LEMB _960674 |
| 650 | 1 | 9 |
_aCanciones infantiles colombianas _2LEMB _921793 |
| 650 | 1 | 9 |
_aMúsica popular _2LEMB _921850 |
| 710 | 2 | _aMuseo de Artes y Tradiciones Populares (Bogotá) | |
| 942 |
_2ddc _cBK |
||
| 999 |
_c59334 _d59334 |
||